[Event "Perényi Évadnyitó Open"]
[Site "Budapest"]
[Date "2017.01.05"]
[Round "1.1"]
[White "Horvath, Jeno Kalman"]
[Black "Aczel, Gergely"]
[Result "0-1"]
[WhiteElo "1979"]
[BlackElo "2548"]
[PlyCount "114"]
[EventDate "2017.01.05"]
[EventType "swiss"]
[EventRounds "9"]
[EventCountry "HUN"]

1. d4 Nf6 2. c4 e6 3. Nc3 Bb4 4. a3 Bxc3+ 5. bxc3 c5 6. e3 Nc6 7. Ne2 b6 8. Ng3
Na5 9. e4 d6 10. Bd3 Ba6 11. O-O Qc7 12. Be3 O-O-O 13. Rc1 Bxc4 14. Qe2 Bxd3
15. Qxd3 c4 16. Qc2 h5 17. h3 Nd7 18. f4 g6 19. Rce1 d5 20. e5 Nb3 21. Ne2 Nb8
22. Nc1 Na5 23. Bf2 h4 24. Be3 Nbc6 25. Ne2 Ne7 26. Kh2 Nf5 27. Bf2 Rdg8 28.
Ng1 Qe7 29. Nf3 Nb3 30. Ng5 Rh5 31. a4 Rxg5 32. fxg5 Qxg5 33. Bg1 Qe7 34. Rb1
Qa3 35. Rb2 Qxa4 36. Rfb1 Qc6 37. Ra2 Kb7 38. Rf1 a5 39. Qb2 Ka6 40. Qe2 Qd7
41. Rb1 b5 42. Bf2 Qe7 43. Be1 Kb6 44. Rab2 Rc8 45. Rc2 Qg5 46. Qf2 Kc6 47. Bd2
Qg3+ 48. Qxg3 hxg3+ 49. Kg1 Rb8 50. Bg5 b4 51. cxb4 Nfxd4 52. b5+ Rxb5 53. Ra2
Nf5 54. Rbb2 d4 55. Kf1 Rxe5 56. Bf4 Rb5 57. Ke2 Kd5 0-1

[Event "Perényi Évadnyitó Open"]
[Site "Budapest"]
[Date "2017.01.05"]
[Round "1.2"]
[White "Balint, Vilmos"]
[Black "Nagy, Laszlo"]
[Result "1-0"]
[WhiteElo "2311"]
[BlackElo "1969"]
[PlyCount "85"]
[EventDate "2017.01.05"]
[EventType "swiss"]
[EventRounds "9"]
[EventCountry "HUN"]

1. Nf3 d6 2. d4 g6 3. g3 Nf6 4. Bg2 Bg7 5. c4 O-O 6. O-O c6 7. Nc3 Qc7 8. h3
Nbd7 9. e4 e5 10. Be3 b6 11. Re1 Bb7 12. Qd2 Rad8 13. Rad1 Qb8 14. b4 Rfe8 15.
d5 c5 16. a3 Rf8 17. Bg5 Rde8 18. Nh2 Rc8 19. b5 h5 20. Nf3 Nh7 21. Be3 f5 22.
Ne2 Rf7 23. Nh4 Ndf8 24. exf5 gxf5 25. Bf3 Rcc7 26. Bxh5 Rf6 27. Qd3 Bc8 28.
Kh2 Bh6 29. g4 e4 30. Qd2 Bxe3 31. Qxe3 fxg4 32. hxg4 Rg7 33. Rg1 Ng5 34. Rg3
Qc7 35. Nc3 Qe7 36. Re1 Rh6 37. Nxe4 Nxe4 38. Qxh6 Qxh4+ 39. Kg2 Rh7 40. Qf4
Nf6 41. Rh1 Nxh5 42. gxh5+ Qxg3+ 43. fxg3 1-0

[Event "Perényi Évadnyitó Open"]
[Site "Budapest"]
[Date "2017.01.05"]
[Round "1.3"]
[White "Szlabey, Geza"]
[Black "Nemeth, Zoltan"]
[Result "0-1"]
[WhiteElo "1965"]
[BlackElo "2284"]
[PlyCount "40"]
[EventDate "2017.01.05"]
[EventType "swiss"]
[EventRounds "9"]
[EventCountry "HUN"]

1. f4 d5 2. Nf3 g6 3. c4 c6 4. Nc3 Bg7 5. cxd5 cxd5 6. e4 dxe4 7. Nxe4 Nh6 8.
Bb5+ Bd7 9. Qe2 O-O 10. Bxd7 Qxd7 11. O-O Nc6 12. d3 Rad8 13. Nf2 Nf5 14. Be3
Nxe3 15. Qxe3 Bxb2 16. Rab1 Bg7 17. Ne5 Nxe5 18. fxe5 b6 19. Rb4 Qe6 20. Ng4 f5
0-1

[Event "Perényi Évadnyitó Open"]
[Site "Budapest"]
[Date "2017.01.05"]
[Round "1.4"]
[White "Farago, Sandor"]
[Black "Czegledi, Barna"]
[Result "1-0"]
[WhiteElo "2275"]
[BlackElo "2161"]
[PlyCount "71"]
[EventDate "2017.01.05"]
[EventType "swiss"]
[EventRounds "9"]
[EventCountry "HUN"]

1. e4 c5 2. Nf3 Nc6 3. d4 cxd4 4. Nxd4 Nf6 5. Nc3 d6 6. Be2 e5 7. Nb3 Be7 8.
Be3 Be6 9. Bf3 O-O 10. Nd5 Bxd5 11. exd5 Nb8 12. g4 Nfd7 13. Qd2 Bh4 14. O-O-O
b6 15. g5 f5 16. gxf6 Qxf6 17. Bg4 Nc5 18. Nxc5 bxc5 19. Rdf1 Na6 20. Qa5 Nb8
21. Rhg1 Qe7 22. Qa4 Kh8 23. Be6 a5 24. Rg4 Bf6 25. Qe4 Na6 26. Rfg1 Nc7 27.
Bf5 g6 28. Bxg6 hxg6 29. Rxg6 Rf7 30. Rh6+ Rh7 31. Rgg6 Rxh6 32. Rxh6+ Kg8 33.
Qg6+ Bg7 34. Bg5 Qd7 35. Qh7+ Kf7 36. Rf6+ 1-0

[Event "Perényi Évadnyitó Open"]
[Site "Budapest"]
[Date "2017.01.05"]
[Round "1.5"]
[White "Majoros, Rozsa"]
[Black "Zentai, Peter"]
[Result "0-1"]
[WhiteElo "1864"]
[BlackElo "2273"]
[PlyCount "42"]
[EventDate "2017.01.05"]
[EventType "swiss"]
[EventRounds "9"]
[EventCountry "HUN"]

1. d4 d5 2. Nf3 Nf6 3. c4 c6 4. e3 e6 5. Nbd2 Nbd7 6. Bd3 Bd6 7. O-O O-O 8. e4
e5 9. cxd5 cxd5 10. exd5 exd4 11. Nxd4 Ne5 12. Bc2 Nxd5 13. Ne4 Bc7 14. b3 Bg4
15. f3 Bh5 16. Bg5 Qd7 17. Rc1 Bb6 18. Qd2 f6 19. Bh4 Ne3 20. Rfd1 Nxd1 21.
Rxd1 Bxf3 0-1

[Event "Perényi Évadnyitó Open"]
[Site "Budapest"]
[Date "2017.01.05"]
[Round "1.6"]
[White "Varga, Klara"]
[Black "Tessedik, Karoly"]
[Result "1-0"]
[WhiteElo "2251"]
[BlackElo "1832"]
[PlyCount "67"]
[EventDate "2017.01.05"]
[EventType "swiss"]
[EventRounds "9"]
[EventCountry "HUN"]

1. c4 e6 2. g3 c6 3. Bg2 d5 4. Qc2 Nf6 5. Nf3 Nbd7 6. b3 Be7 7. Bb2 O-O 8. O-O
Re8 9. d4 Rb8 10. Nbd2 Bf8 11. Rac1 h6 12. Rfd1 b6 13. Ne5 Nxe5 14. dxe5 Nd7
15. e4 Bb7 16. exd5 cxd5 17. cxd5 exd5 18. Nf3 Nc5 19. Nd4 Rc8 20. Qf5 Ne6 21.
Nxe6 fxe6 22. Qg6 Qe7 23. Rd4 Qf7 24. Qg4 Kh7 25. Bf1 Rxc1 26. Bxc1 Bc5 27. Rf4
Qg8 28. Bd3+ Kh8 29. Qg6 Rf8 30. Rf6 Be7 31. Rxe6 Rf7 32. Bxh6 Bc8 33. Bg5 Bxg5
34. Re8 1-0

[Event "Perényi Évadnyitó Open"]
[Site "Budapest"]
[Date "2017.01.05"]
[Round "1.7"]
[White "Bartuszek, Andras"]
[Black "Koczo, Kristof"]
[Result "0-1"]
[WhiteElo "1794"]
[BlackElo "2239"]
[PlyCount "90"]
[EventDate "2017.01.05"]
[EventType "swiss"]
[EventRounds "9"]
[EventCountry "HUN"]

1. e4 c5 2. Nf3 d6 3. d4 cxd4 4. Nxd4 Nf6 5. Nc3 a6 6. Bg5 e6 7. f4 Be7 8. Qf3
Qc7 9. O-O-O Nbd7 10. g4 b5 11. Bxf6 Nxf6 12. g5 Nd7 13. f5 Bxg5+ 14. Kb1 O-O
15. fxe6 Nb6 16. Qg3 Bf6 17. exf7+ Rxf7 18. Bh3 Be5 19. Qd3 Bxd4 20. Bxc8 Bxc3
21. Be6 Be5 22. Rhf1 Raf8 23. Qb3 Nc4 24. a4 Kh8 25. Rxf7 Rxf7 26. Bxf7 Qxf7
27. axb5 axb5 28. Qxb5 h6 29. Rd5 Qf1+ 30. Ka2 Qc1 31. Rxe5 Nxe5 32. Qb8+ Kh7
33. Qxd6 Nc4 34. Qb4 Qxc2 35. e5 Nxe5 36. h4 Qc4+ 37. Qxc4 Nxc4 38. Kb3 Ne5 39.
Kc3 Ng6 40. Kd4 Nxh4 41. b4 Nf5+ 42. Ke5 Ne3 43. b5 Nc4+ 44. Kd5 Nb6+ 45. Kc5
Nc8 0-1

[Event "Perényi Évadnyitó Open"]
[Site "Budapest"]
[Date "2017.01.05"]
[Round "1.8"]
[White "Szalanczy, Emil"]
[Black "Ablonczy, Kalman"]
[Result "1-0"]
[WhiteElo "2215"]
[BlackElo "1788"]
[PlyCount "77"]
[EventDate "2017.01.05"]
[EventType "swiss"]
[EventRounds "9"]
[EventCountry "HUN"]

1. e4 e5 2. Nf3 Nc6 3. Bb5 a6 4. Ba4 Nf6 5. O-O d6 6. c3 b5 7. Bc2 Bg4 8. d3
Qd7 9. Nbd2 Be7 10. Re1 O-O 11. Nf1 Rfe8 12. Ne3 Nd8 13. Bb3 Be6 14. Bc2 h6 15.
h3 Nh7 16. d4 f6 17. a4 Rb8 18. Bd2 Qc8 19. b4 c6 20. Nh4 Nf7 21. Nef5 Bf8 22.
axb5 axb5 23. Ra7 Ra8 24. Rxa8 Qxa8 25. Bb3 Qa3 26. Bxe6 Rxe6 27. Ng6 Qa7 28.
Qg4 Re8 29. Nxf8 g5 30. Nxh7 Kxh7 31. h4 Rg8 32. hxg5 Nxg5 33. Qh5 Rg6 34. Bxg5
fxg5 35. dxe5 dxe5 36. Rd1 Qc7 37. Rd3 g4 38. Qh4 Qf7 39. Qd8 1-0

[Event "Perényi Évadnyitó Open"]
[Site "Budapest"]
[Date "2017.01.05"]
[Round "1.9"]
[White "Mihaly, Zoltan"]
[Black "Havanecz, Bianka"]
[Result "0-1"]
[WhiteElo "1770"]
[BlackElo "2209"]
[PlyCount "72"]
[EventDate "2017.01.05"]
[EventType "swiss"]
[EventRounds "9"]
[EventCountry "HUN"]

1. c4 e6 2. d4 d5 3. cxd5 exd5 4. Nf3 Nf6 5. g3 Be7 6. Nc3 O-O 7. Bg2 c6 8. O-O
Nbd7 9. a3 a5 10. Bf4 Re8 11. Re1 Nf8 12. Qc2 Ne6 13. Bg5 Nxg5 14. Nxg5 g6 15.
Rad1 h6 16. Nh3 Bf5 17. e4 dxe4 18. Qb3 Qd7 19. Nf4 Bd6 20. Nfe2 Rad8 21. d5 c5
22. a4 h5 23. Nb5 Bb8 24. Qc3 Qe7 25. d6 Bxd6 26. Nxd6 Rxd6 27. Rxd6 Qxd6 28.
Qxa5 e3 29. fxe3 Rxe3 30. Qa8+ Kg7 31. Qxb7 Qd2 32. Kf1 Be4 33. Bxe4 Nxe4 34.
Qc7 Rf3+ 35. Kg2 Rf2+ 36. Kh3 Ng5+ 0-1

[Event "Perényi Évadnyitó Open"]
[Site "Budapest"]
[Date "2017.01.05"]
[Round "1.10"]
[White "Piroska, Istvan"]
[Black "Polyanszky Tamasi, Zoltan Dr"]
[Result "1/2-1/2"]
[WhiteElo "2153"]
[BlackElo "1769"]
[PlyCount "56"]
[EventDate "2017.01.05"]
[EventType "swiss"]
[EventRounds "9"]
[EventCountry "HUN"]

1. e4 c6 2. d4 d5 3. exd5 cxd5 4. Bd3 Nc6 5. c3 Nf6 6. Bf4 g6 7. h3 Bg7 8. Nf3
a6 9. O-O Nh5 10. Be3 O-O 11. Qd2 Bf5 12. Bxf5 gxf5 13. Bh6 e6 14. Re1 Kh8 15.
Bxg7+ Kxg7 16. Qe3 h6 17. Nbd2 Rg8 18. Kh1 Kh7 19. Rad1 Rg7 20. Rg1 Qd6 21. Ne5
Rag8 22. Rde1 Ne7 23. Qf3 Nf6 24. Qf4 Nh5 25. Qh4 f6 26. Qxh5 fxe5 27. dxe5 Qb6
28. Qe2 Qxb2 1/2-1/2

[Event "Perényi Évadnyitó Open"]
[Site "Budapest"]
[Date "2017.01.06"]
[Round "2.1"]
[White "Aczel, Gergely"]
[Black "Mester, Attila"]
[Result "1-0"]
[WhiteElo "2548"]
[BlackElo "2084"]
[PlyCount "85"]
[EventDate "2017.01.05"]
[EventType "swiss"]
[EventRounds "9"]
[EventCountry "HUN"]

1. d4 Nf6 2. c4 e6 3. Nf3 c5 4. d5 exd5 5. cxd5 d6 6. Nc3 g6 7. Nd2 Bg7 8. e4
O-O 9. Be2 Re8 10. O-O Na6 11. Re1 Nc7 12. a4 b6 13. Ra3 Rb8 14. Qc2 h6 15. Nb5
Ra8 16. Nxc7 Qxc7 17. b4 Nd7 18. Bb2 Bxb2 19. Qxb2 cxb4 20. Qxb4 Nc5 21. Bb5
Bd7 22. Rae3 Rac8 23. Nf3 a5 24. Qa3 Bxb5 25. axb5 Nd7 26. h3 Qc5 27. Qb2 Ne5
28. Nxe5 Rxe5 29. R3e2 Qc3 30. Qb1 g5 31. Qd1 Qc4 32. Re3 a4 33. h4 Kg7 34. f4
gxf4 35. Qg4+ Kf8 36. Qxf4 h5 37. Rf1 Rc7 38. Qh6+ Ke8 39. Qh8+ Ke7 40. Rxf7+
Kxf7 41. Rf3+ Ke7 42. Qf8+ Kd7 43. Rf7+ 1-0

[Event "Perényi Évadnyitó Open"]
[Site "Budapest"]
[Date "2017.01.06"]
[Round "2.2"]
[White "Vereczkei, Laszlo"]
[Black "Balint, Vilmos"]
[Result "0-1"]
[WhiteElo "2086"]
[BlackElo "2311"]
[PlyCount "42"]
[EventDate "2017.01.05"]
[EventType "swiss"]
[EventRounds "9"]
[EventCountry "HUN"]

1. e4 e6 2. d4 d5 3. e5 c5 4. c3 Nc6 5. Nf3 Nh6 6. a3 Nf5 7. b4 cxd4 8. cxd4
Qb6 9. Bb2 Bd7 10. Be2 Be7 11. O-O O-O 12. Qd3 a6 13. Re1 Rac8 14. g4 Nh4 15.
Nxh4 Bxh4 16. Rf1 f6 17. Qh3 Nxd4 18. Bd3 fxe5 19. Nd2 e4 20. Qxh4 exd3 21. Qg5
Rc2 0-1

[Event "Perényi Évadnyitó Open"]
[Site "Budapest"]
[Date "2017.01.06"]
[Round "2.3"]
[White "Nemeth, Zoltan"]
[Black "Kovacs, Gabor Etele"]
[Result "1-0"]
[WhiteElo "2284"]
[BlackElo "2066"]
[PlyCount "73"]
[EventDate "2017.01.05"]
[EventType "swiss"]
[EventRounds "9"]
[EventCountry "HUN"]

1. d4 d5 2. Nf3 Nf6 3. Bf4 c5 4. e3 Nc6 5. Nbd2 Bg4 6. c3 e6 7. Qa4 Qb6 8. Ne5
Bf5 9. Bb5 Rc8 10. Nxc6 bxc6 11. Ba6 Rd8 12. O-O Be7 13. dxc5 Bxc5 14. Nb3 Bc2
15. Bb7 Qxb7 16. Nxc5 Bxa4 17. Nxb7 Ra8 18. c4 Bc2 19. Rfc1 Bd3 20. cxd5 cxd5
21. Nd6+ Ke7 22. Rc7+ Nd7 23. Nxf7 Kxf7 24. Rxd7+ Kf6 25. Rc1 Rhc8 26. Rcc7
Rxc7 27. Rxc7 a6 28. Bd6 Rb8 29. f4 Rg8 30. Be5+ Kg6 31. g4 h5 32. g5 Kf5 33.
Bxg7 Rb8 34. h3 Rb4 35. Bc3 Rc4 36. Rf7+ Ke4 37. Kf2 1-0

[Event "Perényi Évadnyitó Open"]
[Site "Budapest"]
[Date "2017.01.06"]
[Round "2.4"]
[White "Mezei, Csaba"]
[Black "Farago, Sandor"]
[Result "0-1"]
[WhiteElo "2073"]
[BlackElo "2275"]
[PlyCount "116"]
[EventDate "2017.01.05"]
[EventType "swiss"]
[EventRounds "9"]
[EventCountry "HUN"]

1. d4 Nf6 2. e3 g6 3. f4 d6 4. Nf3 Bg7 5. Bd3 Nbd7 6. e4 c5 7. d5 c4 8. Bxc4
Nxe4 9. Qe2 Qa5+ 10. Nbd2 Nef6 11. Qd3 Nc5 12. Qe2 Qb6 13. c3 O-O 14. Nb3 a6
15. Be3 Qc7 16. Nxc5 dxc5 17. a4 Bf5 18. O-O Be4 19. Rfd1 Rad8 20. Qf2 Bxd5 21.
Bxd5 Rxd5 22. Rxd5 Nxd5 23. Bxc5 Nxf4 24. Bb6 Qd7 25. a5 e5 26. Qe3 Qg4 27. Ne1
Nd5 28. Qc5 Qe4 29. Nf3 Nf4 30. Qe3 Qc6 31. Re1 Re8 32. g3 Nd5 33. Qc5 Qxc5+
34. Bxc5 e4 35. Bd4 Bh6 36. Re2 f5 37. Ne5 Bg7 38. Nd7 Bxd4+ 39. cxd4 Rc8 40.
Nc5 Rc7 41. Kf2 Kf7 42. b4 Nxb4 43. Rb2 Rxc5 44. Rxb4 Rb5 45. Rc4 g5 46. h4 h6
47. h5 Ke6 48. Rc7 f4 49. g4 Rb2+ 50. Ke1 e3 51. Rc5 Rb5 52. Rc8 Kd5 53. Ke2
Rb2+ 54. Kd3 Rd2+ 55. Kc3 f3 56. Re8 f2 57. Re5+ Kd6 58. Rxe3 Rd1 0-1

[Event "Perényi Évadnyitó Open"]
[Site "Budapest"]
[Date "2017.01.06"]
[Round "2.5"]
[White "Zentai, Peter"]
[Black "Joo, Janos"]
[Result "0-1"]
[WhiteElo "2273"]
[BlackElo "2059"]
[PlyCount "162"]
[EventDate "2017.01.05"]
[EventType "swiss"]
[EventRounds "9"]
[EventCountry "HUN"]

1. d4 c5 2. d5 g6 3. c4 Bg7 4. e4 d6 5. Bd3 Nf6 6. Nc3 Na6 7. h3 O-O 8. Nf3 Nc7
9. O-O a6 10. a4 e5 11. Bg5 h6 12. Be3 Nh5 13. Qd2 Kh7 14. g4 Qf6 15. Kg2 Nf4+
16. Bxf4 Qxf4 17. Qxf4 exf4 18. Rfe1 Re8 19. a5 Bd7 20. e5 dxe5 21. Ne4 f5 22.
Nxc5 Bc8 23. d6 e4 24. dxc7 Re7 25. gxf5 gxf5 26. Nxe4 fxe4 27. Rxe4 Rd7 28.
Bc2 Kg8 29. Rae1 Rxc7 30. Re8+ Kf7 31. R8e4 Bxb2 32. Rxf4+ Bf6 33. Be4 Bd7 34.
Bd5+ Kg7 35. Kh2 Rf8 36. Rg1+ Kh8 37. Rg3 Bc8 38. Kg2 Rg7 39. Ne5 Rxg3+ 40.
fxg3 Kg7 41. Nd3 Re8 42. Re4 Rxe4 43. Bxe4 Bd4 44. c5 Bc3 45. c6 bxc6 46. Bxc6
Bxa5 47. g4 Bb6 48. Kf3 a5 49. Ne5 Be6 50. Bb5 Bd5+ 51. Kf4 Bc7 52. Kf5 Bb3 53.
h4 a4 54. Nc4 Kf7 55. g5 h5 56. Na3 Bd6 57. Bc4+ Kg7 58. Bxb3 axb3 59. Nb1 Bg3
60. Ke4 Bxh4 61. Kd3 Be1 62. Ke2 Ba5 63. Na3 h4 64. Kf3 Bd8 65. Nc4 Bxg5 66.
Kg2 Bf6 67. Kf3 Kg6 68. Kg2 Kf5 69. Kf3 Be5 70. Ne3+ Kg5 71. Nc4 Bc7 72. Kf2 h3
73. Kf3 Kh4 74. Na3 b2 75. Nb1 Bd6 76. Nc3 Bc5 77. Nb1 Bb4 78. Kf2 Kg4 79. Kg1
Kg3 80. Kh1 Kf3 81. Kh2 Ke2 0-1

[Event "Perényi Évadnyitó Open"]
[Site "Budapest"]
[Date "2017.01.06"]
[Round "2.6"]
[White "Molnar, Jozsef"]
[Black "Varga, Klara"]
[Result "1-0"]
[WhiteElo "2066"]
[BlackElo "2251"]
[PlyCount "135"]
[EventDate "2017.01.05"]
[EventType "swiss"]
[EventRounds "9"]
[EventCountry "HUN"]

1. e4 e6 2. d4 d5 3. Nd2 Be7 4. Bd3 c5 5. dxc5 Nf6 6. Qe2 a5 7. Ngf3 Na6 8. e5
Nd7 9. c4 Ndxc5 10. Bb1 O-O 11. O-O Nb4 12. Rd1 b6 13. a3 Nc6 14. cxd5 Ba6 15.
Nc4 exd5 16. Qc2 g6 17. b3 Nxb3 18. Qxb3 Bxc4 19. Qb2 Re8 20. Bh6 Bf8 21. Bxf8
Kxf8 22. Bd3 b5 23. Bxc4 bxc4 24. Qd2 Nxe5 25. Qh6+ Kg8 26. Ng5 Qf6 27. Qxh7+
Kf8 28. Qh4 Qf5 29. Rab1 Kg7 30. Qh7+ Kf6 31. Rb6+ Ke7 32. Rb7+ Kd6 33. Nxf7+
Nxf7 34. Rxf7 Qe6 35. h3 Rac8 36. Ra7 Rc6 37. Rxa5 Rc5 38. Rxc5 Kxc5 39. Qa7+
Kd6 40. Qb6+ Ke7 41. Qc5+ Kf7 42. Rxd5 c3 43. Rd6 Qe1+ 44. Kh2 c2 45. Rd7+ Re7
46. Rxe7+ Qxe7 47. Qxc2 Qxa3 48. Qc7+ Kf6 49. Qc6+ Kg7 50. Qd7+ Kf6 51. Qd8+
Kg7 52. Qd4+ Kf7 53. h4 Qe7 54. Qf4+ Kg7 55. Qg5 Qd6+ 56. f4 Kf7 57. h5 gxh5
58. Qxh5+ Kg8 59. Qe8+ Kh7 60. Qf7+ Kh6 61. Qf5 Qd4 62. Qg5+ Kh7 63. f5 Qe5+
64. Kh3 Qc3+ 65. g3 Qe1 66. Qg6+ Kh8 67. Qh6+ Kg8 68. Qe6+ 1-0

[Event "Perényi Évadnyitó Open"]
[Site "Budapest"]
[Date "2017.01.06"]
[Round "2.7"]
[White "Koczo, Kristof"]
[Black "Geher, Koppany"]
[Result "1/2-1/2"]
[WhiteElo "2239"]
[BlackElo "2013"]
[PlyCount "96"]
[EventDate "2017.01.05"]
[EventType "swiss"]
[EventRounds "9"]
[EventCountry "HUN"]

1. d4 Nf6 2. c4 g6 3. Nc3 d5 4. cxd5 Nxd5 5. e4 Nxc3 6. bxc3 c5 7. Be3 Bg7 8.
Rc1 Qa5 9. Qd2 cxd4 10. cxd4 Qxd2+ 11. Bxd2 O-O 12. d5 e6 13. Bc4 exd5 14. Bxd5
Nc6 15. Bc3 Bxc3+ 16. Rxc3 Nb4 17. Bb3 Rd8 18. Ke2 b6 19. Nf3 Kg7 20. Rc7 Rd7
21. Rhc1 Ba6+ 22. Ke3 Rd3+ 23. Kf4 Rxb3 24. axb3 Nd3+ 25. Ke3 Nxc1 26. Rxc1 Rc8
27. Ra1 Bb5 28. Nd4 Rc3+ 29. Kf4 a6 30. e5 Bd3 31. Re1 Bc2 32. Rc1 Rxb3 33.
Nxb3 Bxb3 34. Rb1 Bd5 35. Rxb6 Bxg2 36. Rxa6 Bd5 37. h4 h5 38. Kg5 Bb3 39. Rf6
Bd5 40. f4 Be6 41. f5 Bxf5 42. Rxf5 gxf5 43. Kxf5 Kf8 44. Kg5 Ke7 45. Kxh5 f6
46. e6 f5 47. Kg5 Kxe6 48. h5 Kf7 1/2-1/2

[Event "Perényi Évadnyitó Open"]
[Site "Budapest"]
[Date "2017.01.06"]
[Round "2.8"]
[White "Karacsonyi, Gellert"]
[Black "Szalanczy, Emil"]
[Result "1-0"]
[WhiteElo "2057"]
[BlackElo "2215"]
[PlyCount "111"]
[EventDate "2017.01.05"]
[EventType "swiss"]
[EventRounds "9"]
[EventCountry "HUN"]

1. e4 c5 2. Nf3 d6 3. d4 cxd4 4. Nxd4 Nf6 5. Nc3 g6 6. Be3 Bg7 7. f3 Nc6 8. Qd2
O-O 9. Bc4 Bd7 10. O-O-O Rc8 11. Bb3 Ne5 12. h4 Nc4 13. Bxc4 Rxc4 14. g4 b5 15.
h5 b4 16. Nd5 e6 17. Nxb4 a5 18. Nd3 Qc7 19. hxg6 fxg6 20. Nf4 Rc8 21. Rh2 Qb7
22. b3 Rc3 23. Nfxe6 Nxe4 24. fxe4 Qxe4 25. Nxg7 Rxe3 26. Rdh1 Rd3 27. Qh6 Qe3+
28. Qxe3 Rxe3 29. Rxh7 Bxg4 30. Nge6 Re1+ 31. Rxe1 Kxh7 32. Rh1+ Kg8 33. Rg1
Bh5 34. Nf5 Kh7 35. Nxd6 Rc3 36. Kd2 Rc6 37. Ne4 Kh6 38. Nd4 Rc8 39. Nf6 Rf8
40. Nxh5 gxh5 41. c4 h4 42. Ke3 Kh5 43. Nf3 Rf5 44. Rg5+ Rxg5 45. Nxg5 Kxg5 46.
Kf3 Kf5 47. a3 Ke5 48. b4 a4 49. Kg4 Kd4 50. c5 Kc4 51. c6 Kb3 52. c7 Kxa3 53.
c8=Q Kxb4 54. Qc1 Kb3 55. Qa1 a3 56. Kxh4 1-0

[Event "Perényi Évadnyitó Open"]
[Site "Budapest"]
[Date "2017.01.06"]
[Round "2.9"]
[White "Havanecz, Bianka"]
[Black "Ritter, Gabor Dr"]
[Result "1-0"]
[WhiteElo "2209"]
[BlackElo "2008"]
[PlyCount "69"]
[EventDate "2017.01.05"]
[EventType "swiss"]
[EventRounds "9"]
[EventCountry "HUN"]

1. d4 d5 2. c4 dxc4 3. e3 Nf6 4. Bxc4 e6 5. Nf3 c5 6. O-O a6 7. Qe2 Nc6 8. Rd1
cxd4 9. exd4 Be7 10. Nc3 Nb4 11. Bg5 O-O 12. a3 Nbd5 13. Ne5 Nxc3 14. bxc3 Qc7
15. Qf3 Bd7 16. Bd3 Bc6 17. Qh3 g6 18. Re1 Nh5 19. Bh6 Rfe8 20. g4 Nf6 21. g5
Nh5 22. Be4 Bd6 23. Ng4 Bxe4 24. Rxe4 Rac8 25. Re3 Qe7 26. Rf3 Qc7 27. Nf6+
Nxf6 28. gxf6 Qc6 29. Re1 e5 30. Bg7 h5 31. d5 Qxd5 32. Rd3 Qe6 33. Qe3 Qg4+
34. Kf1 Qc4 35. Qh6 1-0

[Event "Perényi Évadnyitó Open"]
[Site "Budapest"]
[Date "2017.01.06"]
[Round "2.10"]
[White "Torok, Tamas Titusz"]
[Black "Bodrogi, Laszlo"]
[Result "1-0"]
[WhiteElo "2142"]
[BlackElo "1984"]
[PlyCount "117"]
[EventDate "2017.01.05"]
[EventType "swiss"]
[EventRounds "9"]
[EventCountry "HUN"]

1. e4 e6 2. d4 d5 3. exd5 exd5 4. Nf3 Bg4 5. h3 Bh5 6. Bd3 Nc6 7. c3 Bd6 8. O-O
Nge7 9. Re1 O-O 10. Nbd2 h6 11. Nf1 Bg6 12. Nh4 Bxd3 13. Qxd3 Qd7 14. Ne3 f5
15. Nf1 f4 16. Nh2 g5 17. Ng6 Rf6 18. Nxe7+ Nxe7 19. Ng4 Re6 20. Rxe6 Qxe6 21.
Bd2 Kg7 22. Re1 Qd7 23. b3 h5 24. Ne5 Qf5 25. Qf3 Rh8 26. c4 c6 27. c5 Bc7 28.
h4 g4 29. Qxf4 Rf8 30. Qh6+ Kg8 31. Qg5+ Qxg5 32. Bxg5 Nf5 33. Nd7 Rc8 34. Nf6+
Kf7 35. Nxh5 Kg6 36. Nf6 Nxd4 37. Nxg4 b6 38. cxb6 axb6 39. Bf6 Nf5 40. g3 Kf7
41. Bg5 Nd4 42. Kg2 Bd6 43. Ne5+ Kg7 44. Nd7 Bc5 45. Nxc5 bxc5 46. Re7+ Kg6 47.
g4 Ra8 48. Be3 Rxa2 49. Bxd4 cxd4 50. Re6+ Kf7 51. Rxc6 d3 52. Rc3 d2 53. Rd3
Ke6 54. Kf3 Rb2 55. Ke3 Rxb3 56. Kxd2 Rb4 57. f3 d4 58. Ra3 Kd5 59. Kd3 1-0

[Event "Perényi Évadnyitó Open"]
[Site "Budapest"]
[Date "2017.01.07"]
[Round "3.1"]
[White "Torok, Tamas Titusz"]
[Black "Aczel, Gergely"]
[Result "0-1"]
[WhiteElo "2142"]
[BlackElo "2548"]
[PlyCount "52"]
[EventDate "2017.01.05"]
[EventType "swiss"]
[EventRounds "9"]
[EventCountry "HUN"]

1. e4 c5 2. c3 d5 3. exd5 Qxd5 4. d4 e6 5. Nf3 Nf6 6. Na3 Nc6 7. Bc4 Qd8 8. O-O
Bd7 9. Bf4 a6 10. dxc5 Bxc5 11. b4 Be7 12. Nc2 O-O 13. Qd3 Qc8 14. Bb3 Rd8 15.
Qe2 Nd5 16. Bd2 Qc7 17. a3 Bf6 18. Ncd4 Nxd4 19. cxd4 Bb5 20. Qe4 Bxf1 21. Rxf1
Rac8 22. h4 Nc3 23. Qe3 Bxd4 24. Nxd4 Rxd4 25. Bxc3 Qxc3 26. Bxe6 fxe6 0-1

[Event "Perényi Évadnyitó Open"]
[Site "Budapest"]
[Date "2017.01.07"]
[Round "3.2"]
[White "Balint, Vilmos"]
[Black "Borda, Lajos"]
[Result "1-0"]
[WhiteElo "2311"]
[BlackElo "2102"]
[PlyCount "113"]
[EventDate "2017.01.05"]
[EventType "swiss"]
[EventRounds "9"]
[EventCountry "HUN"]

1. Nf3 c5 2. c4 Nc6 3. g3 e5 4. Nc3 d6 5. Bg2 Nf6 6. O-O Be7 7. Ne1 O-O 8. Nc2
Be6 9. Ne3 Qd7 10. d3 Bh3 11. Ned5 Bxg2 12. Kxg2 Bd8 13. Nxf6+ Bxf6 14. a3 Bd8
15. Qa4 Bb6 16. Nd5 Rad8 17. Qb3 Nd4 18. Qd1 Nc6 19. e4 Ne7 20. Ne3 f5 21. exf5
Nxf5 22. Nd5 Rf7 23. Bg5 Rdf8 24. Qg4 Bd8 25. f4 exf4 26. Rxf4 Bxg5 27. Qxg5 h6
28. Qg4 Kh7 29. Raf1 g6 30. Re1 Kg7 31. Rfe4 Nd4 32. Qxd7 Rxd7 33. Nf4 Rf5 34.
Re7+ Rxe7 35. Rxe7+ Rf7 36. Re8 Nc6 37. h4 Re7 38. Rxe7+ Nxe7 39. Kf3 Kf6 40.
Ke4 g5 41. Nd5+ Nxd5 42. Kxd5 gxh4 43. gxh4 Ke7 44. b4 cxb4 45. axb4 h5 46. d4
Kd7 47. c5 a6 48. Kc4 Kc6 49. d5+ Kc7 50. Kb3 Kd7 51. Ka4 Kc8 52. Ka5 Kc7 53.
c6 bxc6 54. dxc6 d5 55. Kxa6 d4 56. b5 d3 57. b6+ 1-0

[Event "Perényi Évadnyitó Open"]
[Site "Budapest"]
[Date "2017.01.07"]
[Round "3.3"]
[White "Molnar, Jozsef"]
[Black "Nemeth, Zoltan"]
[Result "0-1"]
[WhiteElo "2066"]
[BlackElo "2284"]
[PlyCount "138"]
[EventDate "2017.01.05"]
[EventType "swiss"]
[EventRounds "9"]
[EventCountry "HUN"]

1. e4 e5 2. Nf3 Nc6 3. Bb5 g6 4. O-O Bg7 5. c3 d6 6. d4 Bd7 7. Re1 h6 8. Nbd2
Nge7 9. Nf1 O-O 10. Ng3 Nxd4 11. Nxd4 exd4 12. Bxd7 dxc3 13. bxc3 Qxd7 14. e5
Rad8 15. exd6 cxd6 16. Rb1 b6 17. c4 Nf5 18. Ne4 d5 19. cxd5 Qxd5 20. Qxd5 Rxd5
21. g4 Nh4 22. Rb3 f5 23. gxf5 Rfxf5 24. f4 Rf7 25. Ng3 Rfd7 26. Kf2 Kf7 27.
Re2 Rd1 28. Re1 Rxe1 29. Kxe1 Nf5 30. Nxf5 gxf5 31. Ke2 Rc7 32. Bd2 Ke6 33. Kd3
Kd5 34. Be3 Bf8 35. Bd4 Rc1 36. Be5 Rd1+ 37. Kc3 Rh1 38. Rb2 Bc5 39. Re2 Bg1
40. Bb8 Bd4+ 41. Kd3 Rd1+ 42. Kc2 Ra1 43. Kd3 Rc1 44. Re7 Rc3+ 45. Kd2 Ra3 46.
Rxa7 Rxa7 47. Bxa7 b5 48. Bb8 Ke4 49. Ke2 Be3 50. h3 Bxf4 51. Ba7 Be5 52. Be3
h5 53. Bc1 Bd4 54. Bd2 f4 55. Be1 f3+ 56. Kf1 Kd3 57. Bb4 Kc4 58. Bd2 Bc5 59.
Be1 Kd3 60. Ba5 Kc2 61. a3 Kb3 62. Bb4 Bxb4 63. axb4 Kxb4 64. Kf2 Ka3 65. Kxf3
b4 66. Kf4 b3 67. Kg5 b2 68. Kxh5 b1=Q 69. h4 Qh7+ 0-1

[Event "Perényi Évadnyitó Open"]
[Site "Budapest"]
[Date "2017.01.07"]
[Round "3.4"]
[White "Farago, Sandor"]
[Black "Karacsonyi, Gellert"]
[Result "1/2-1/2"]
[WhiteElo "2275"]
[BlackElo "2057"]
[PlyCount "66"]
[EventDate "2017.01.05"]
[EventType "swiss"]
[EventRounds "9"]
[EventCountry "HUN"]

1. e4 c5 2. Nf3 Nc6 3. d4 cxd4 4. Nxd4 g6 5. Nc3 Bg7 6. Be3 Nf6 7. h3 O-O 8.
Bc4 Nxe4 9. Nxe4 d5 10. Nxc6 bxc6 11. Bd3 dxe4 12. Bxe4 Bxb2 13. Qxd8 Rxd8 14.
Rb1 Bc3+ 15. Ke2 Ba6+ 16. Bd3 Bxd3+ 17. cxd3 Rdb8 18. Rhc1 Bf6 19. a4 Rxb1 20.
Rxb1 a5 21. Rb6 Rc8 22. Bd2 Bd4 23. Ra6 Rb8 24. Rxa5 Rb2 25. Kd1 f5 26. Ra6 c5
27. Re6 Kf7 28. Re2 Rb1+ 29. Kc2 Rb2+ 30. Kd1 Rb1+ 31. Kc2 Rb2+ 32. Kd1 Rb1+
33. Kc2 Rb2+ 1/2-1/2